000 00720nam a2200217Ia 4500
003 GCL
008 140319s9999 xx 000 0 ara d
040 _aGCL /
_cGCL
082 0 4 _a345.05
_bع ا
100 1 _aعبدالرحيم صدقى
245 1 0 _aالاسرة والجريمة فى القانون الجنائى المصرى /
_cعبدالرحيم صدقى
260 _a[S.N] :
_bالهيئة المصرية العامة للكتاب ،
_c1988
300 _a120
490 _a
650 0 4 _aالقانون
650 0 4 _aالجريمة والمجرمون
650 0 4 _aالاسرة
650 0 4 _aقانون العقوبات
650 0 4 _aقانون الاجراءات الجنائية
942 _2ddc
_cBK
999 _c28728
_d28728